Sports Quiz

Random Sports or WWE Quiz

WWE Elimination Chamber Participants Quiz Stats

 Plays Quiz Updated Mar 30, 2020

     
Support Sporcle.
Go Orange.
Score 0/188 Timer 11:00
37 Plays Today
Event Wrestler % Correct
2017John Cena
94.8%
NYR 2006John Cena
94.6%
2009 (Raw)John Cena
94.6%
2010 (Raw)John Cena
94.6%
2011 (Raw)John Cena
94.6%
2018 (Men's)John Cena
94.6%
2014John Cena
94.5%
2002Triple H
94.4%
2003Triple H
94.4%
2005Triple H
94.4%
2008 (Raw)Triple H
94.4%
2009 (SD)Triple H
94.4%
2010 (Raw)Triple H
94.4%
2021 (Men's)Randy Orton
93.8%
2019 (Men's)Randy Orton
92.4%
2020 (Tag Team)Kofi Kingston
91.7%
2019 (Men's)Kofi Kingston
91.5%
2003Randy Orton
90.1%
2005Randy Orton
90.1%
2010 (Raw)Randy Orton
90.1%
2011 (Raw)Randy Orton
90.1%
2013Randy Orton
90%
2008 (SD)The Undertaker
90%
2009 (SD)The Undertaker
90%
2010 (SD)The Undertaker
90%
2002Shawn Michaels
89.9%
2014Randy Orton
89.9%
2003Shawn Michaels
89.9%
NYR 2006Shawn Michaels
89.9%
2008 (Raw)Shawn Michaels
89.9%
2002Kane
89.6%
NYR 2006Kane
89.6%
2009 (Raw)Kane
89.6%
2011 (SD)Kane
89.6%
2013Kane
89.5%
2020 (Tag Team)Big E
89.1%
2021 (Men's)Kofi Kingston
87.7%
2015 (Tag Team)Kofi Kingston
87.6%
2021 (SD)Daniel Bryan
87.5%
2020 (Tag Team)The Miz
87.5%
2005Edge
87.4%
2009 (SD)Edge
87.4%
2009 (Raw)Edge
87.4%
2011 (SD)Edge
87.4%
2018 (Men's)The Miz
87%
2002Chris Jericho
86.4%
2003Chris Jericho
86.4%
2005Chris Jericho
86.4%
2008 (Raw)Chris Jericho
86.4%
2009 (Raw)Chris Jericho
86.4%
2010 (SD)Chris Jericho
86.4%
2012 (Raw)Chris Jericho
86.4%
2013Chris Jericho
86.2%
DTD 2006The Big Show
85.7%
2009 (SD)The Big Show
85.7%
2011 (SD)The Big Show
85.7%
2012 (SD)The Big Show
85.6%
2021 (Men's)Jeff Hardy
85.4%
2021 (Men's)Sheamus
84.7%
2018 (Men's)Roman Reigns
84.5%
2015 (Tag Team)Big E
84.4%
2019 (Men's)Daniel Bryan
83.9%
2018 (Men's)Seth Rollins
83.6%
Event Wrestler % Correct
2020 (Tag Team)John Morrison
82.8%
2017The Miz
82.7%
2019 (Men's)Jeff Hardy
82.2%
2018 (Women's)Sasha Banks
81.8%
2019 (Women's Tag Team)Sasha Banks
81.8%
2021 (Men's)AJ Styles
80.2%
DTD 2006CM Punk
79.5%
2010 (SD)CM Punk
79.5%
2011 (Raw)CM Punk
79.5%
2012 (Raw)CM Punk
79.5%
2005Batista
78.2%
2008 (SD)Batista
78.2%
2015 (Tag Team)Xavier Woods
78.1%
2018 (Women's)Bayley
78.1%
2019 (Women's Tag Team)Bayley
78.1%
2012 (Raw)The Miz
78%
2017Bray Wyatt
77.9%
2015 (IC Title)Sheamus
77.8%
2021 (SD)Cesaro
77.7%
2017Dean Ambrose
77.6%
2021 (SD)Jey Uso
77.4%
2010 (Raw)Sheamus
77%
2011 (Raw)Sheamus
77%
2014Sheamus
77%
2021 (Men's)Drew McIntyre
76.9%
2012 (SD)Daniel Bryan
76.9%
2013Daniel Bryan
76.7%
2014Daniel Bryan
76.5%
2019 (Men's)AJ Styles
76.3%
2020 (Tag Team)Dolph Ziggler
76%
2010 (Raw)Kofi Kingston
75.6%
2012 (Raw)Kofi Kingston
75.5%
2002Rob Van Dam
75%
DTD 2006Rob Van Dam
75%
2009 (Raw)Rey Mysterio
74.3%
2010 (SD)Rey Mysterio
74.3%
2011 (SD)Rey Mysterio
74.3%
2017AJ Styles
74.2%
2008 (Raw)Jeff Hardy
73.7%
2009 (SD)Jeff Hardy
73.7%
2020 (Tag Team)Jey Uso
73%
2020 (Tag Team)Jimmy Uso
72.9%
2003Goldberg
72.3%
2015 (IC Title)Dolph Ziggler
69.9%
2018 (Men's)Braun Strowman
69.7%
2014Christian
69.5%
2015 (Tag Team)Cesaro
69.2%
2021 (SD)Kevin Owens
68.9%
2012 (Raw)Dolph Ziggler
68.9%
2015 (IC Title)Mark Henry
68.2%
2019 (Women's Tag Team)Nia Jax
67.8%
2013Mark Henry
67.4%
2014Cesaro
67.3%
2018 (Women's)Alexa Bliss
67.3%
2002Booker T
66.3%
2020 (Women's)Asuka
66%
2010 (SD)John Morrison
64%
2011 (Raw)John Morrison
64%
2005Chris Benoit
64%
NYR 2006Kurt Angle
63.3%
2021 (SD)Sami Zayn
63.2%
2015 (IC Title)Ryback
62.9%
2021 (SD)King Corbin
62.6%
Event Wrestler % Correct
DTD 2006Bobby Lashley
62.2%
2020 (Women's)Natalya
61.7%
2019 (Women's Tag Team)Tamina
61%
2015 (IC Title)King Barrett
60.8%
2011 (SD)Wade Barrett
60.5%
2012 (SD)Wade Barrett
60.5%
2020 (Tag Team)Robert Roode
60%
2015 (Tag Team)Sin Cara
59.9%
2020 (Women's)Liv Morgan
59.6%
2019 (Women's Tag Team)Liv Morgan
59.6%
2015 (Tag Team)Kalisto
58.9%
2015 (Tag Team)Tyson Kidd
58.6%
2017Baron Corbin
58.5%
2018 (Men's)Finn Bálor
57.9%
2008 (SD)The Great Khali
57.5%
2012 (SD)The Great Khali
57.4%
2020 (Women's)Shayna Baszler
57%
2020 (Tag Team)Otis
56.9%
2018 (Women's)Mandy Rose
56.8%
2019 (Women's Tag Team)Mandy Rose
56.8%
2012 (SD)Cody Rhodes
56.7%
NYR 2006Carlito
56.2%
2020 (Women's)Ruby Riott
56.2%
2019 (Women's Tag Team)Naomi
55.1%
2020 (Tag Team)Tucker
54.1%
2019 (Women's Tag Team)Carmella
53.8%
2020 (Women's)Sarah Logan
53.8%
2019 (Women's Tag Team)Sarah Logan
53.8%
2010 (SD)R-Truth
53.7%
2011 (Raw)R-Truth
53.7%
2012 (Raw)R-Truth
53.7%
2015 (IC Title)R-Truth
53.5%
2008 (SD)Montel Vontavious Porter
53.4%
2019 (Women's Tag Team)Peyton Royce
53.3%
2003Kevin Nash
52.9%
2019 (Women's Tag Team)Billie Kay
52.3%
2013Jack Swagger
52.1%
2018 (Women's)Sonya Deville
51.9%
2019 (Women's Tag Team)Sonya Deville
51.9%
2012 (SD)Santino Marella
51.4%
NYR 2006Chris Masters
50.3%
2015 (Tag Team)Darren Young
49.5%
2015 (Tag Team)Titus O'Neil
49.3%
2015 (Tag Team)Diego
48.9%
2015 (Tag Team)Fernando
48.1%
2019 (Men's)Samoa Joe
48%
2010 (Raw)Ted DiBiase
47.6%
2008 (Raw)John Bradshaw Layfield
47.2%
2015 (Tag Team)Viktor
46.8%
2008 (SD)Finlay
46.2%
2015 (Tag Team)Konnor
45.8%
DTD 2006Test
45.7%
2020 (Tag Team)Gran Metalik
45.1%
2020 (Tag Team)Lince Dorado
44.6%
2008 (Raw)Umaga
43.8%
2018 (Men's)Elias
42.2%
2011 (SD)Drew McIntyre
41%
2008 (SD)Big Daddy V
39.9%
DTD 2006Hardcore Holly
39.6%
2018 (Women's)Mickie James
39.1%
2009 (SD)Vladimir Kozlov
34.6%
2009 (Raw)Mike Knox
33.7%

From the Vault

Missing 'N' Acronyms

by MrChewypoo

Fun Fact: N is our 23rd favorite letter.
Remove Ads.
Support Sporcle.
Get the best of Sporcle when you Go Orange. This ad-free experience offers more features, more stats, and more fun while also helping to support Sporcle. Thank you for becoming a member.

Show Comments

Extras

Top Quizzes Today


Score Distribution

Your Account Isn't Verified!

In order to create a playlist on Sporcle, you need to verify the email address you used during registration. Go to your Sporcle Settings to finish the process.

Report this User

Report this user for behavior that violates our Community Guidelines.

Details: